Kritika na pôde bratislavskej Spoločnosti

Bibliographic Details
Main Author: Kraus, Cyril, 1928-2012 (Author)
Format: Article
Language:Slovak
Subjects:

MARC

LEADER 00000nab a2200000 a 4500
001 vtls000270492
003 SK-MaSNL
005 20260426062836.0
008 160401c1986 xo 0 slo
015 |a SNBRA19rr/mm-uuuuu 
035 |a CL0280606 
040 |a SNKBUCL  |b slo  |c SNKBUCL  |e AACR2 
041 0 |a slo 
044 |a xo  |c SK 
080 |a 82(091):885.4"18"  |2 1981 
080 |a 885.4"18"  |2 1981 
080 |a 885.4(091)  |2 1981 
080 |a 82.09  |2 1981 
100 1 |a Kraus, Cyril,  |d 1928-2012  |4 aut  |9 14532 
245 1 0 |a Kritika na pôde bratislavskej Spoločnosti  |c Cyril Kraus 
500 |a Poznámka o pramennom materiáli 
610 2 7 |a Spoločnosť česko-slovanská (Bratislava, Slovensko)  |2 snkbucl  |9 184288 
648 7 |a 19. stor.  |2 snkbucl  |9 278793 
648 7 |a 1829-1837  |2 snkbucl  |9 1283313 
650 0 7 |a literárne spolky  |2 snkbucl  |9 30682 
651 7 |a Bratislava (Slovensko)  |2 snkbucl  |9 14568 
655 7 |a štúdie  |2 snkbucl  |9 57033 
655 7 |a články zo zborníkov  |2 snkbucl  |9 166140 
773 0 |t Literárnomúzejný letopis 20  |d Martin : Matica slovenská, 1986  |g S. 177-194 
850 |a Slovenská národná knižnica v Martine  |a MTA001 
852 |a SNK  |b KIS3GCP 
958 |a RK 
958 |a LX 
958 |a PBCK2008 
999 |c 2550021  |d 2551951